000 00439nam a22001817a 4500
999 _c263982
_d263981
003 OSt
005 20240621143144.0
008 240621b xxu||||| |||| 00| 0 eng d
020 _a0690047843
040 _cN/A
050 _aQC527.2
_b .B47
100 _aMelvin Berger
245 _aSwitch on, switch off
250 _a1st ed
260 _aNew York
_b Crowell
_c1989.
300 _a32 p.
_b col. ill. .
_c 18 x 23 cm
942 _2lcc
_cBK